All Jackbox Games (1 - 11) - Statistics

General Stats
  • This quiz has been taken 9 times
  • The average score is 34 of 55
Answer Stats
Hint Answer % Correct
Champ'd Up
100%
Tee K. O.
100%
Trivia Murder Party
100%
Jackbox Party Pack 1 Drawful
86%
Jackbox Party Pack 8 Drawful: Animate
86%
Joke Boat
86%
Legends Of Trivia
86%
Quiplash 2
86%
Quiplash 3
86%
Quiplash XL
86%
Survive The Internet
86%
Talking Points
86%
You Don't Know Jack
86%
Jackbox Party Pack 7 Blather Round
71%
Jackbox Party Pack 6 Dictionarium
71%
Fibbage 2
71%
Fibbage 3
71%
Jackbox Party Pack 9 Fibbage 4
71%
Fibbage XL
71%
Hear Say
71%
Monster Seeking Monster
71%
Push The Button
71%
Role Models
71%
Tee K. O. 2
71%
The Devils And The Details
71%
Trivia Murder Party 2
71%
Jackbox Party Pack 4 Bracketeering
57%
Jackbox Party Pack 11 Cookie Haus
57%
Doominate
57%
Guesspionage
57%
Job Job
57%
Lie Swatter
57%
Jackbox Party Pack 5 Mad Verse City
57%
Patently Stupid
57%
Roomerang
57%
Split The Room
57%
Suspectives
57%
Jackbox Party Pack 2 Bidiots
43%
Bomb Corp
43%
Civic Doodle
43%
Jackbox Party Pack 10 Dodo Re Mi
43%
Jackbox Party Pack 3 Fakin' It!
43%
Fixy Text
43%
Hypnotorious
43%
Quixort
43%
The Poll Mine
43%
The Wheel Of Enormous Proportions
43%
Time Jinx
43%
Weapons Drawn
43%
Word Spud
43%
You Don't Know Jack Full Stream
43%
Zeeple Dome
43%
Earwax
29%
Junktopia
29%
Nonsensory
29%
No matching quizzes found
Score Distribution
Percent of People with Each Score
Percentile by Number Answered
Your Score History
You have not taken this quiz